1748 1244 1448 1525 1351 1784 1668 1833 1055 1254 1465 1704 1220 1060 1333 1491 1083 1828 1136 1902 1346 1437 1216 1577 1663 1109 1908 1593 1927 1752 1050 1342 1979 1665 1522 1602 1253 1883 1309 1741 1289 1098 1664 1325 1345 1851 1319 1530 1362 1412 1762 1753 1053 1483 1094 1334 1074 1581 1124 1328 1984 1866 1372 1600 1590 1618 1026 1366 1006 1442 1073 1484 1209 1886 1971 1804 1392 1256 1065 1498 1870 1007 1487 1977 1222 1594 1195 1444 1142 1738 1543 1067 1211 1700 1180 1933 1314 1947 1313 BCNSPRNW ULIB Ver.6.0+V

เปลี่ยนเป็นภาษาไทย

Change to English
 แสดงรายละเอียดบรรณานุกรม
  กลับหน้าหลัก

Brief Record : Get Marc (ISO 2709) : E-mail record : QR code < ปิดหน้าต่าง
LEADER : 00000nam 2200000uu 4500
001    13399128585
003     ULIB
008    230912s2565||||th 000 0 tha d
020    ^a9786164436701
060 04 ^aWB300^bก491
245 00 ^aการประเมินภาวะสุขภาพสำหรับพยาบาล (ฉบับปรับปรุง) =^bHealth assessment for nurses /^cรักชนก คชไกร, เวหา เกษมสุข,บรรณาธิการ
246 31 ^aHealth assessment for nurses
250    ^aพิมพ์ครั้งที่ 1
260    ^aกรุงเทพฯ :^bโครงการตำราคณะพยาบาลศาสตร์ มหาวิทยาลัยมหิดล,^c2565
300    ^aก-ช, 593 หน้า :^bภาพประกอบ ;^c26 ซม.
500    ^aบรรณานุกรม : รักชนก คชไกร, เวหา เกษมสุข (บรรณาธิการ). (2565). การประเมินภาวะสุขภาพสำหรับพยาบาล (ฉบับปรับปรุง). โครงการตำราคณะพยาบาลศาสตร์ มหาวิทยาลัยมหิดล.
504    ^aมีบรรณานุกรมและดัชนี
505 0  ^a^tบทที่ 1 เทคนิคการตรวจร่างกายที่ดี เครื่องมือพื้นฐานในการตรวจร่างกาย --^tบทที่ 2การบันทึกผลการตรวจร่างกาย -- ^tบทที่ 3 การซักประวัติ การคิดอย่างมีวิจารณญาณและประเด็นทางจริยธรรม -- ^tบทที่ 4 การซักประวัติทางจิตเวชและการประเมินสภาพจิต -- ^tบทที่ 5 ผิวหนัง ผม เล็บ ขน -- ^tบทที่ 6 ศีรษะ ใบหน้า คอและต่อมน้ำเหลือง -- ^tบทที่ 7 ตา -- ^tบทที่ 8 หู คอ จมูก -- ^tบทที่ 9 ทรวงอกและปอด -- ^tบทที่ 10หัวใจและหลอดเลือด -- ^tบทที่ 11 เต้านมและต่อมน้ำเหลืองบริเวณเต้านม -- ^tบทที่ 12 ช่องท้อง-- ^tบทที่ 13 กล้ามเนื้อ และกระดูก -- ^tบทที่ 14 ระบบประสาท -- ^tบทที่ 15 การตรวจร่างกายแบบผสมผสาน
650  4 ^aการซักประวัติผู้ป่วย
650  4 ^aการตรวจร่างกาย
650  4 ^aการพยาบาลอนามัยชุมชน
700 0  ^aรักชนก คชไกร,^eบรรณาธิการ
700 0  ^aเวหา เกษมสุข,^eบรรณาธิการ
710 2  ^aมหาวิทยาลัยมหิดล.^bคณะพยาบาลศาสตร์
856    ^a^zการประเมินภาวะสุขภาพสำหรับพยาบาล (ฉบับปรับปรุง) 10053522.pdf (สารบัญหนังสือ)^uhttp://61.19.69.198/ULIB//_fulltext/Content ::/13399138207/20220922100005_393.pdf
945    ^p550^l0^i29787
945    ^p550^l0^i29788
945    ^p550^l0^i29789
945    ^p550^l0^i29881
999    ^aกัณชพร จุลอักษร
รายการนี้ยังไม่มีแท็ก
คุณยังไม่ได้ล็อกอิน คุณสามารถมีกิจกรรมร่วมกับเว็บไซต์ได้ แต่ต้องล็อกอินก่อน ::
  ล็อกอิน

รายการสื่อสารสนเทศ

ลำดับที่ ประเภท เลขเรียก/บาร์โค้ด สถานที่ สถานะ
1. หนังสือสำรอง
หนังสือสำรอง
WB300 ก491 ฉ.1 
  Barcode: 29787
ห้องสมุดวิทยาเขตนครสวรรค์
►หนังสือทั่วไป:l:General Books
บนชั้น
2. วิทยาศาสตร์การแพทย์ และสุขภาพ
วิทยาศาสตร์การแพทย์ และสุขภาพ
WB300 ก491 ฉ.2 
  Barcode: 29788
ห้องสมุดวิทยาเขตนครสวรรค์
►หนังสือทั่วไป:l:General Books
บนชั้น
3. วิทยาศาสตร์การแพทย์ และสุขภาพ
วิทยาศาสตร์การแพทย์ และสุขภาพ
WB300 ก491 ฉ.3 
  Barcode: 29789
ห้องสมุดวิทยาเขตนครสวรรค์
►หนังสือทั่วไป:l:General Books
บนชั้น
4. วิทยาศาสตร์การแพทย์ และสุขภาพ
วิทยาศาสตร์การแพทย์ และสุขภาพ
WB300 ก491 ฉ.4 
  Barcode: 29881
ห้องสมุดวิทยาเขตนครสวรรค์
►หนังสือทั่วไป:l:General Books
ถูกยืม กำหนดส่งวันที่ 4 กรกฎาคม 2568
  จอง

รายการใกล้เคียง
    หัวเรื่อง [การซักประวัติผู้ป่วย]
    หัวเรื่อง [การตรวจร่างกาย]
    หัวเรื่อง [การพยาบาลอนามัยชุมชน]

BibComment


ยังไม่เคยถูกคอมเมนท์

คอมเมนท์ทรัพยากรรายการนี้
  คอมเมนท์: การประเมินภาวะสุ..


 Copyright 2026. Bcnsprnw @Library